000 00508nam a2200169 i 4500
001 30951
003 ES-MaACL
007 t|
008 030127s1944 ag ||||1| spa d
100 1 _aBarzizza, Carlos M.
_926223
245 1 0 _aMicrobiología /
_cCarlos M. Barzizza y Alberto Manso Soto.
250 _a3ª ed.
260 _aBuenos Aires :
_bLibraire Hachette et Cie,
_c[1944] (
_fImp. Argentina)
300 _a2 v. :
_bil. ;
_c27 cm.
700 1 _aManso Soto, Alberto.
_976139
852 _aES-MaACL
_jE-3-4
999 _c30951
_d30951